A VERY SHINY WIPE-CLEAN LETTERS ACTIVITY BOOK (Record no. 215049)
[ view plain ]
| 000 -LEADER | |
|---|---|
| fixed length control field | 00375nam a22001337a 4500 |
| 008 - FIXED-LENGTH DATA ELEMENTS--GENERAL INFORMATION | |
| fixed length control field | 250312b |||||||| |||| 00| 0 eng d |
| 020 ## - INTERNATIONAL STANDARD BOOK NUMBER | |
| International Standard Book Number | 978-1-40835-056-0 |
| 050 ## - LIBRARY OF CONGRESS CALL NUMBER | |
| Classification number | PE 1155.L38 2019 |
| 100 ## - MAIN ENTRY--PERSONAL NAME | |
| Personal name | LOLA |
| 245 ## - TITLE STATEMENT | |
| Title | A VERY SHINY WIPE-CLEAN LETTERS ACTIVITY BOOK |
| 260 ## - PUBLICATION, DISTRIBUTION, ETC. | |
| Place of publication, distribution, etc. | GREAT BRITAIN |
| Name of publisher, distributor, etc. | WATTS PUBLISHING COMPANY |
| Date of publication, distribution, etc. | 2019 |
| 942 ## - ADDED ENTRY ELEMENTS (KOHA) | |
| Source of classification or shelving scheme | Library of Congress Classification |
| Koha item type | Long Loan Book |
| Withdrawn status | Lost status | Source of classification or shelving scheme | Damaged status | Not for loan | Home library | Current library | Shelving location | Date acquired | Inventory number | Total checkouts | Full call number | Barcode | Date last seen | Copy number | Price effective from | Koha item type |
|---|---|---|---|---|---|---|---|---|---|---|---|---|---|---|---|---|
| Library of Congress Classification | Kisii University Library | Kisii University Library | On Display | 03/12/2025 | 000066 | PE 1155.L38 2019 | 000000018219 | 03/12/2025 | C.1 | 03/12/2025 | Long Loan Book |